[Event "Dubai op 16th"]
[Site "Dubai"]
[Date "2014.04.09"]
[Round "3"]
[White "Bogner, Sebastian"]
[Black "Basil, Alshouha"]
[Result "1-0"]
[WhiteElo "2587"]
[BlackElo "2160"]
[PlyCount "103"]
[EventDate "2014.04.07"]
[EventType "swiss"]
[EventRounds "9"]
[EventCountry "UAE"]
[SourceTitle "CBM 159 Extra"]
[Source "ChessBase"]
[SourceDate "2014.04.24"]
[SourceVersion "1"]
[SourceVersionDate "2014.04.24"]
[SourceQuality "1"]

1. Nf3 d5 2. c4 e6 3. g3 Nf6 4. Bg2 Be7 5. 0-0 0-0 6. b3 a5 7. Nc3 Nbd7 8. d4 Re8 9. Qc2 Nb6 10. c5 Nbd7 11. e4 dxe4 12. Nxe4 Nd5 13. Neg5 g6 14. Re1 Bf6 15. h4 Nb4 16. Qc3 Bg7 17. a3 Nd5 18. Qc4 h6 19. Ne4 b6 20. Bd2 Ba6 21. Qc1 Kh7 22. Qc2 Rb8 23. c6 N7f6 24. Ne5 Nxe4 25. Bxe4 f5 26. Bf3 Qd6 27. h5 g5 28. g4 Kg8 29. gxf5 exf5 30. Qxf5 Rf8 31. Nf7 Ne7 32. Nxd6 Nxf5 33. Nxf5 Rxf5 34. Bg4 Rff8 35. Bc3 Rf4 36. Be6+ Kh8 37. Rad1 Rbf8 38. Rd2 g4 39. Re3 Bb5 40. d5 Bxc3 41. Rxc3 Rd8 42. d6 Rxd6 43. Rxd6 cxd6 44. c7 Ba6 45. c8Q+ Bxc8 46. Rxc8+ Kg7 47. Rc4 Rxc4 48. bxc4 Kf6 49. Bxg4 Ke5 50. Kg2 Kf4 51. Bd7 Ke5 52. Kf3 1-0

[Event "Dubai op 16th"]
[Site "Dubai"]
[Date "2014.04.07"]
[Round "1"]
[White "Kuzubov, Yuriy"]
[Black "Basil, Alshouha"]
[Result "1/2-1/2"]
[WhiteElo "2639"]
[BlackElo "2160"]
[PlyCount "78"]
[EventDate "2014.04.07"]
[EventType "swiss"]
[EventRounds "9"]
[EventCountry "UAE"]
[SourceTitle "CBM 159 Extra"]
[Source "ChessBase"]
[SourceDate "2014.04.24"]
[SourceVersion "1"]
[SourceVersionDate "2014.04.24"]
[SourceQuality "1"]

1. d4 Nf6 2. c4 e6 3. Nc3 Bb4 4. e3 0-0 5. Nge2 d5 6. a3 Be7 7. cxd5 exd5 8. g3 Nbd7 9. Bg2 Nb6 10. 0-0 Re8 11. Nf4 Bf8 12. b3 a5 13. Ra2 c6 14. Kh1 Ne4 15. Nxe4 dxe4 16. Qc2 Nd5 17. Nxd5 Qxd5 18. a4 Bg4 19. Ba3 Bxa3 20. Rxa3 Qh5 21. Rc1 Rad8 22. Ra2 Rd5 23. b4 axb4 24. Rb2 Bf3 25. Bxf3 Qxf3+ 26. Kg1 c5 27. Qc4 Red8 28. Rxb4 h5 29. Rb5 Rf5 30. Qf1 cxd4 31. exd4 Rxd4 32. Rxf5 Qxf5 33. Qb5 Qf3 34. Re1 Rd1 35. Rxd1 Qxd1+ 36. Kg2 Qf3+ 37. Kg1 Qd1+ 38. Kg2 Qf3+ 39. Kg1 Qd1+ 1/2-1/2

[Event "Arab Clubs-chT"]
[Site "Monastir"]
[Date "2013.11.05"]
[Round "2.4"]
[White "Basil, Alshouha"]
[Black "Jarraya, Zied"]
[Result "0-1"]
[WhiteElo "2141"]
[BlackElo "2152"]
[PlyCount "112"]
[EventDate "2013.11.04"]
[EventType "team-tourn"]
[EventRounds "9"]
[EventCountry "TUN"]
[SourceTitle "EXT 2014"]
[Source "ChessBase"]
[SourceDate "2013.11.20"]
[SourceVersion "1"]
[SourceVersionDate "2013.11.20"]
[SourceQuality "1"]
[WhiteTeam "Amman"]
[BlackTeam "Sfax"]
[WhiteTeamCountry "JOR"]
[BlackTeamCountry "TUN"]

1. c4 Nf6 2. Nf3 e6 3. g3 b6 4. Bg2 Bb7 5. Nc3 Be7 6. d4 0-0 7. 0-0 Ne4 8. Qc2 Nxc3 9. bxc3 Nc6 10. Rb1 Na5 11. c5 f5 12. Ne5 Bxg2 13. Kxg2 d6 14. cxd6 cxd6 15. Nd3 d5 16. Qa4 Rc8 17. Bf4 Bd6 18. Rfc1 Bxf4 19. Nxf4 Qd6 20. Qb4 Rfd8 21. h4 Rc4 22. Qxd6 Rxd6 23. Rb4 Rc8 24. e3 Rdc6 25. Ne2 Nc4 26. a4 Kf7 27. Nf4 Ke7 28. Ne2 Kd7 29. Nf4 R8c7 30. Rb5 Kc8 31. Ra1 a6 32. Rb4 Kb7 33. a5 b5 34. Nd3 Kc8 35. Nc5 Kd8 36. Ra2 Ke7 37. Rb1 Nd6 38. f3 Nb7 39. Nxb7 Rxb7 40. Rb3 Rbc7 41. Raa3 Kf6 42. Kf2 g6 43. g4 fxg4 44. fxg4 e5 45. Kf3 e4+ 46. Ke2 Rf7 47. Rb1 Kg7 48. Rg1 Rf3 49. Rg2 b4 50. Rb3 Rxc3 51. Rxc3 bxc3 52. Rg1 Rh3 53. Rc1 Rh2+ 54. Kd1 Rh1+ 55. Kc2 Rxc1+ 56. Kxc1 h5 0-1

[Event "Asia-chT 16th"]
[Site "Guangzhou"]
[Date "2010.11.24"]
[Round "7"]
[White "Basil, Alshouha"]
[Black "Abdulwahhab, Ahmed Abdulsattar"]
[Result "0-1"]
[WhiteElo "2106"]
[BlackElo "2309"]
[PlyCount "38"]
[EventDate "2010.11.18"]
[EventType "team-swiss"]
[EventRounds "9"]
[EventCountry "CHN"]
[SourceTitle "CBM 139 Extra"]
[Source "ChessBase"]
[SourceDate "2011.01.05"]
[SourceVersion "1"]
[SourceVersionDate "2011.01.05"]
[SourceQuality "1"]
[WhiteTeam "Jordan"]
[BlackTeam "Iraq"]
[WhiteTeamCountry "JOR"]
[BlackTeamCountry "IRQ"]

1. e4 c5 2. Nf3 e6 3. d4 cxd4 4. Nxd4 a6 5. g3 d5 6. e5 Nc6 7. Nxc6 bxc6 8. Bg2 Qc7 9. 0-0 Qxe5 10. c4 Nf6 11. Nc3 Qc7 12. Bg5 Be7 13. Rc1 Qd8 14. cxd5 cxd5 15. Re1 0-0 16. Nxd5 exd5 17. Bxf6 Bxf6 18. Bxd5 Rb8 19. Bxf7+ Rxf7 0-1

[Event "Asia rap (Men) 16th"]
[Site "Guangzhou"]
[Date "2010.11.16"]
[Round "9"]
[White "Basil, Alshouha"]
[Black "Lee, Kim Hua Nicholas"]
[Result "0-1"]
[WhiteElo "2106"]
[BlackElo "1945"]
[PlyCount "114"]
[EventDate "2010.11.13"]
[EventType "swiss (rapid)"]
[EventRounds "9"]
[EventCountry "CHN"]
[SourceTitle "EXT 2011"]
[Source "ChessBase"]
[SourceDate "2010.11.26"]
[SourceVersion "1"]
[SourceVersionDate "2010.11.26"]
[SourceQuality "1"]

1. e4 e5 2. Bc4 Nf6 3. Qe2 Nc6 4. Nf3 Bc5 5. 0-0 d6 6. Rd1 Bg4 7. c3 0-0 8. d3 Bb6 9. h3 Bh5 10. Nbd2 Re8 11. Nf1 d5 12. Bb3 Qd6 13. Ng3 Bg6 14. Nh4 Ne7 15. Bg5 Rad8 16. Qf3 c6 17. a4 a5 18. Rac1 d4 19. Nhf5 Bxf5 20. Nxf5 Nxf5 21. Qxf5 Rd7 22. Bxf6 gxf6 23. Qg4+ Kh8 24. Qh5 Rg8 25. h4 Qf8 26. Qf5 Qg7 27. Qf3 Qh6 28. Kf1 Qxh4 29. g3 Qg5 30. Kg2 Rg6 31. Rh1 Qg4 32. Qxg4 Rxg4 33. Rh3 dxc3 34. bxc3 Rxd3 35. Bxf7 Rg7 36. Be6 Rd2 37. Rf1 Rc2 38. c4 Bd4 39. g4 Ra2 40. Bf5 Kg8 41. Be6+ Kf8 42. Bf5 Rxa4 43. Bxh7 Rxc4 44. Bf5 Ke7 45. Rh8 Kd6 46. Rf8 Kc5 47. Rxf6 a4 48. Be6 Rc2 49. Rf7 Rxf7 50. Bxf7 a3 51. g5 a2 52. g6 Rxf2+ 53. Rxf2 a1Q 54. g7 Bxf2 55. Kxf2 Qd4+ 56. Kf1 Qd1+ 57. Kf2 Qd2+ 0-1

[Event "Asia rap (Men) 16th"]
[Site "Guangzhou"]
[Date "2010.11.15"]
[Round "6"]
[White "Mohammad, Samir"]
[Black "Basil, Alshouha"]
[Result "1/2-1/2"]
[WhiteElo "2361"]
[BlackElo "2106"]
[PlyCount "125"]
[EventDate "2010.11.13"]
[EventType "swiss (rapid)"]
[EventRounds "9"]
[EventCountry "CHN"]
[SourceTitle "EXT 2011"]
[Source "ChessBase"]
[SourceDate "2010.11.26"]
[SourceVersion "1"]
[SourceVersionDate "2010.11.26"]
[SourceQuality "1"]

1. Nf3 Nf6 2. c4 c5 3. g3 g6 4. Bg2 Bg7 5. 0-0 0-0 6. d4 cxd4 7. Nxd4 Nc6 8. Nc3 Qb6 9. Nb3 d6 10. Be3 Qc7 11. Rc1 Bf5 12. Nd5 Qd7 13. c5 Nxd5 14. Qxd5 Bxb2 15. Rcd1 Rad8 16. cxd6 Qxd6 17. Qxd6 Rxd6 18. Bc5 Bf6 19. e4 Rxd1 20. Rxd1 Be6 21. f4 Bg4 22. Rd3 Re8 23. e5 Bg7 24. Bxc6 bxc6 25. Na5 Bf5 26. Rd4 f6 27. Nxc6 fxe5 28. Nxe5 Bxe5 29. fxe5 a6 30. g4 Be6 31. a3 Kf7 32. Rf4+ Kg7 33. Rb4 g5 34. h3 Bd5 35. Rb6 Bc4 36. Kf2 Kf7 37. Be3 Rg8 38. Rc6 Bb5 39. Rh6 Bd3 40. Bd4 Bg6 41. Be3 Ke6 42. Bxg5 Kxe5 43. h4 Rc8 44. h5 Rc2+ 45. Ke1 Bd3 46. Bxe7 Kf4 47. Re6 Kxg4 48. h6 Bb5 49. Bb4 Rh2 50. Kd1 Kf5 51. Rb6 Ke4 52. Rd6 Ke5 53. Rb6 Ke4 54. Bd2 Ba4+ 55. Kc1 Bb5 56. a4 Bd3 57. Rb4+ Kd5 58. Be3 Rc2+ 59. Kd1 Rc4 60. Rxc4 Bxc4 61. Kc1 Bd3 62. Kd1 Bc4 63. a5 1/2-1/2